Engines in KSP - Statistics

General Stats
  • This quiz has been taken 7 times
  • The average score is 19 of 40
Answer Stats
ENGINE NAME % Correct
vector
100%
juno
83%
mammoth
83%
ant
67%
dawn
67%
goliath
67%
hammer
67%
mainsail
67%
mastodon
67%
poodle
67%
puff
67%
skipper
67%
swivel
67%
terrier
67%
bobcat
50%
clydesdale
50%
flea
50%
mite
50%
nerv
50%
rhino
50%
skiff
50%
spider
50%
cheetah
33%
cub
33%
kodiak
33%
rapier
33%
reliant
33%
shrimp
33%
spark
33%
twin-boar
33%
twitch
33%
wheesley
33%
whiplash
33%
wolfhound
33%
dart
17%
pollux
17%
thoroughbred
17%
thud
17%
thumper
17%
seperatron
0%
No matching quizzes found
Score Distribution
Percent of People with Each Score
Percentile by Number Answered
Your Score History
You have not taken this quiz